| 000 | 01132nam0a22002771 4500 | ||
|---|---|---|---|
| 001 | rc\3999771 | ||
| 005 | 20130415124225.7 | ||
| 021 |
_aRU _b[59-22501ж] |
||
| 035 | _a(NLR Aleph) 008072205 | ||
| 090 |
_a9070087 _c9070087 |
||
| 100 | _a20130415d1959 |||y0rusy50 ca | ||
| 101 | 0 | _arus | |
| 102 | _aRU | ||
| 105 | _aa z ||||| | ||
| 200 | 1 |
_aЭпидемический гепатит _e(Болезнь Боткина) _fПод ред. проф. И.К. Мусабаева |
|
| 210 |
_aТашкент _cУзмедгиз _d1959 |
||
| 215 |
_a246 с. _cил. _d23 |
||
| 225 | 1 |
_aТашкентский институт усовершенствования врачей. [Труды] _vТ. 6 _i[Сборник научных работ кафедры инфекционных болезней _vВып. 1] |
|
| 320 | _aБиблиогр. в конце работ | ||
| 606 |
_aГепатит эпидемический _jСборники _2psbo |
||
| 702 | 1 |
_aМусабае _bИ. К. _gИсхак Курбанович _4340 |
|
| 801 | 0 |
_aRU _bNLR _gpsbo |
|
| 801 | 1 |
_aRU _bELAR _2rusmarc |
|
| 852 |
_aNLR _jП16/515 |
||
| 942 | _cBOOK | ||
| 980 | _aNB | ||